1er. congreso de ingeniería de procesos del mercosur = 1º Congresso de engenharia de processos do mercosul. ENPROMER'97. 1 al 4 de Septiembre de 1997. Bahía Blanca, Argentina /

Guardado en:
Autores Corporativos: Congreso de Ingeniería de Procesos del Mercosur Bahía Blanca, Argentina), Planta Piloto de Ingeniería Química (PLAPIQUI), Programa de Investigación y Desarrollo del Complejo Petroquímico Bahía Blanca, (PIDCOP)
Formato: Libro
Idioma:Spanish
Portuguese
English
Publicado: Bahía Blanca : PLAPIQUI, 1997.
Materias:
Etiquetas: Agregar Etiqueta
Sin Etiquetas, Sea el primero en etiquetar este registro!
LEADER 01297nam a22002415a 4500
001 EIQ.libpla002077
008 070410s1997####ag#a#####b####101#0#spa#d
005 20130522153912.0
245 1 0 |a 1er. congreso de ingeniería de procesos del mercosur =  |b 1º Congresso de engenharia de processos do mercosul. ENPROMER'97. 1 al 4 de Septiembre de 1997. Bahía Blanca, Argentina /  |c organizado por Planta Piloto de Ingeniería Química (PLAPIQUI), Programa de Investigación y Desarrollo del Complejo Petroquímico Bahía Blanca, (PIDCOP). 
260 |a Bahía Blanca :  |b PLAPIQUI,  |c 1997. 
300 |a 526 p., v ;  |c 26 cm. 
500 |a Trabajos presentados. 
500 |a El texto presenta trabajos en español, portugués, inglés. 
504 |a Incluye referencias bibliográficas e índice. 
111 2 |a Congreso de Ingeniería de Procesos del Mercosur  |n (1º :  |d 1997 :  |c Bahía Blanca, Argentina) 
710 2 |a Planta Piloto de Ingeniería Química (PLAPIQUI) 
710 2 |a Programa de Investigación y Desarrollo del Complejo Petroquímico Bahía Blanca, (PIDCOP) 
246 1 |a Enpromer '97 
650 4 |a Proyectos industriales  |x Congresos. 
650 4 |a Industrial projects  |x Congresses. 
040 |a AR-BbSID  |b spa  |c AR-BbSID 
041 1 |a spa  |a por  |a eng 
859 |a AR-BbSID  |b BIB. PLAPIQUI  |h 660.281  |i En 67  |p 4566